| 000 | 00614nam a2200193Ia 4500 | ||
|---|---|---|---|
| 003 | IN-BaIIA | ||
| 008 | 211028s9999 xx 000 0 eng d | ||
| 040 | _cIIA Library | ||
| 080 |
_a082.2:52 _bIAU-S15 |
||
| 245 | 0 |
_aProblems of extra-galactic research _cedited by G. C. McVittie |
|
| 260 |
_aNew York _bMacmillan _c1962 |
||
| 300 | _axii, 450p. | ||
| 490 | _aIAU Symposium; no. 15 | ||
| 650 | _aAstronomy and Astrophysics Thesaurus | ||
| 650 |
_aExtragalactic objects _93898 |
||
| 650 |
_aExtragalactic radio sources _93899 |
||
| 700 |
_aThewlis, J., ed. _93707 |
||
| 942 | _cBK | ||
| 999 |
_c2083 _d2083 |
||